000 00837nam a22001457a 4500
020 _a978-1-4424-5371-5
082 _a823
_bDIX/H
100 _aDIXON, FRANKLIN W
245 _aTHE HARDY BOYS - BALLOON BLOW-UP
260 _aNEW YORK
_bALADDIN PAPERBACKS
_c2013
300 _a99
520 _aThe Green Crawler is one of the coolest superheroes around, and Frank and Joe are some of his biggest fans. And thanks to a contest, the Hardy boys get to be two of the handlers for the new Green Crawler balloon in the annual Fall Festival parade in Bayport! But the day before the parade, disaster strikes: someone has ripped the Green Crawler balloon! Can the brothers figure out who tried to ground the Green Crawler? Or will Joe and Frank be watching the parade from the sidelines this year?
650 _aMYSTERY
_zUNITED STATES
942 _cBK
999 _c7911
_d7911